Moderní personální management nejnovější trendy a technologie

Gespeichert in:
Bibliographische Detailangaben
1. Verfasser: Walker, Alfred J.
Weitere Verfasser: Collins, David
Format: Buch
Sprache:Tschechisch
Veröffentlicht: Praha GRADA Publishing 2003
Schriftenreihe:Management v informační společnosti
Schlagworte:
Tags: Tag hinzufügen
Keine Tags, Fügen Sie das erste Tag hinzu!

MARC

LEADER 00000nam$a2200000$$$4500
001 0001359
005 20240306141538.4
020 |a 80-247-0449-8 
041 0 |a cze 
044 |a CZ 
245 1 0 |a Moderní personální management  |b nejnovější trendy a technologie  |c Alfred J. Walker a kolektiv ; [preložil: David Collins] 
264 1 |a Praha  |b GRADA Publishing  |c 2003 
300 |a 253 s. 
490 1 |a Management v informační společnosti 
830 0 |a Management v informační společnosti 
610 2 0 |a plánovanie personálne 
610 2 0 |a manažment personálny 
610 2 0 |a stratégia podniková 
610 2 0 |a zdroje ľudské 
610 2 0 |a technológie informačné 
610 2 0 |a riadenie personálne 
610 2 0 |a sily pracovné 
610 2 0 |a výkony pracovné 
610 2 0 |a odmeňovanie 
610 2 0 |a vzdelávanie 
610 2 0 |a vzdelávanie ďalšie 
610 2 0 |a riadenie znalostí 
100 1 |a Walker, Alfred J. 
700 1 |a Collins, David